El sapo más lindo /
Guardado en:
| Autor Principal: | |
|---|---|
| Otros Autores: | |
| Formato: | Libro |
| Idioma: | Undetermined |
| Publicado: |
Buenos Aires :
Alfaguara,
2004.
|
| Series: | Infantil. Desde 8 años
|
| Materias: | |
| Etiquetas: |
Agregar Etiqueta
Sin Etiquetas, Sea el primero en etiquetar este registro!
|
| LEADER | 01011nam a22002415a 4500 | ||
|---|---|---|---|
| 001 | CEM.cems019974 | ||
| 008 | 230410s2004####ag############000#0#und#d | ||
| 005 | 20230622194219.0 | ||
| 245 | 1 | 0 | |a El sapo más lindo / |c Ricardo Mariño ; ilustrado por Alicia Charré. |
| 260 | |a Buenos Aires : |b Alfaguara, |c 2004. | ||
| 300 | |a 75 p. | ||
| 490 | 1 | |a Infantil. Desde 8 años | |
| 505 | 0 | |a El sapo más lindo -- Mamarrachos por carta -- Viaje al planeta Palanganón -- Historia de un grano de maíz -- El discurso del Gallo Preferido -- El señor Perchio tiene calor -- Un indio en el país de los Cabezas Verdes -- La guerra -- Defectos Especiales | |
| 100 | 1 | |a Mariño, Ricardo. | |
| 700 | 1 | |a Charré, Alicia; il. | |
| 653 | |a Literatura | ||
| 653 | |a Literatura Argentina | ||
| 653 | |a Narrativa Argentina | ||
| 653 | |a Cuentos | ||
| 653 | |a Cuentos | ||
| 653 | |a Terror | ||
| 859 | |a CEMS |b BIB. CEMS - 11 de abril |h A868.4 |i M339 |p 29394.23 |t Ej.1 | ||
| 859 | |a CEMS |b BIB. CEMS - Inicial y Primaria |h A868.4 |i M339-3 |k IP |p 3117 |t Ej.1 | ||
